000 00443nam a2200133Ia 4500
001 13962
003 GE_BSU
008 181216s||||||||xx |||||||||||||| ||und||
040 _cGE_BSU
245 _aლიტერატურული პალიტრა №12. 2014. დეკემბერი
245 _cმთ.რედ.ზაალ ჩხეიძე
653 _aლიტერატურული პალიტრა
942 _cCR
999 _c47105
_d47105